| 000 | 00509nam a2200193 a 4500 | ||
|---|---|---|---|
| 001 | 1771665202838 | ||
| 003 | YourLibrary | ||
| 005 | 20260221144453.0 | ||
| 008 | 260221s2008##################000#0#eng## | ||
| 020 | _a9780230001923 | ||
| 082 | 0 | 4 |
_a338.642 _bHAA |
| 100 | 1 |
_aHaar, Jerry, _eauthor. |
|
| 245 | 1 | 0 | _aSmall Firms, Global Markets : |
| 260 |
_bPalgrave MacMillan, _c2008. |
||
| 300 | _a286 pages | ||
| 650 | 0 | _aBusiness & Economics. | |
| 942 | _cENGLISH | ||
| 040 |
_aYourLibrary _beng _cYourLibrary |
||
| 999 |
_c615150 _d615150 |
||